| 000 | 01596cam a22004574i 4500 | ||
|---|---|---|---|
| 003 | PE-LiUPU | ||
| 005 | 20250731172812.0 | ||
| 008 | 150617s1968 sp r 000 0 spa d | ||
| 035 | _a(Sirsi) a13671 | ||
| 040 |
_aPE-LiUPU _bspa _cPE-LiUPU _erda |
||
| 049 | _aPRUA | ||
| 082 | 0 | 4 |
_a211.8 _bL14 _221 |
| 100 | 1 |
_aLacroix, Jean, _eautor. |
|
| 245 | 1 | 3 |
_aEl Ateísmo Moderno / _cJean Lacroix. |
| 264 | 1 |
_aBarcelona : _bHerder, _c1968. |
|
| 300 |
_a126 páginas ; _c18 centímetros. |
||
| 336 |
_atext _2rdacontent |
||
| 337 |
_aunmediated _2rdamedia |
||
| 338 |
_avolume _2rdacarrier |
||
| 490 | 0 |
_aPequeña Biblioteca Herder ; _v51 |
|
| 505 | 0 | _aEl sentido del ateísmo moderno -- El humanismo científico -- El humanismo político -- El humanismo moral -- Discusiones y orientaciones -- Moral sin pecado -- Tradicionalismo y racionalismo. | |
| 526 | _aSEG42 | ||
| 526 | _aSEG41 | ||
| 526 | _aSEG40 | ||
| 526 | _aSEG39 | ||
| 526 | _aP94 | ||
| 526 | _aP87 | ||
| 526 | _aP86 | ||
| 526 | _aP85 | ||
| 526 | _aP77 | ||
| 526 | _aP76 | ||
| 526 | _aP35 | ||
| 650 | 1 | 4 |
_aAteísmo. _92097 |
| 910 |
_ajck _bjvq _cjck _d20150616 |
||
| 942 |
_2ddc _cBOOK |
||
| 949 |
_a211.8 L14 _wDEWEY _c1 _i11280 _lCCODEBUL1 _mBUL _p00.00 _r0 _sY _tBOOK _u19751126 _xTEOLOGIA _PP35 _0COMPRA _o.STAFF. Colección General |
||
| 994 |
_aC0 _bPEPRU |
||
| 596 | _a1 | ||
| 999 |
_a211.8 L14 _wDEWEY _c4064 _i11280 _d4064 _e2017-4-21 _f2021-11-11 _g5 _lCCODEBUL1 _mBUL _n5 _p14.00 _r0 _sY _tBOOK _u2015-6-17 _xTEOLOGIA _PP35 _0COMPRA _o.STAFF. Colección Teología |
||
| 980 |
_81 _gALBERTO SANCHEZ Responsable de Automatización |
||